000 00344nam a22001577a 4500
003 OSt
008 210814b ||||| |||| 00| 0 eng d
082 _a294.5922
_bVAD
100 G _aVAIDYA, P.L.
245 _aDhammapada
250 _aEd
260 _aDelhi
_bChowkhamba Pub.
_c2005
300 _a132
650 _aReligious
942 _2ddc
_cBK
999 _c10969
_d10969